Mission Impossible: How to Create Value in Times of Crises (<A> Case Study from Slovak Banking Sector)
Analýza kľúčových zmien v štruktúre a správaní bankového sektora na Slovensku za posledných 20 rokov. Ako ilustráciu autorka uvádza prípadovú štúdiu slovenského bankového sektora v čase hospodárskej krízy, keď bolo potrebné prehodnocovať tvorbu hodnoty.
Saved in:
| Main Author: | |
|---|---|
| Format: | Book Chapter |
| Language: | English |
| Subjects: | |
| Tags: |
No Tags, Be the first to tag this record!
|
MARC
| LEADER | 00000naa$a2200000$$$4500 | ||
|---|---|---|---|
| 001 | 0272042 | ||
| 005 | 20240502083828.6 | ||
| 041 | 0 | |a eng | |
| 044 | |a US | ||
| 245 | 1 | 0 | |a Mission Impossible: How to Create Value in Times of Crises |b (<A> Case Study from Slovak Banking Sector) |c Soňa Ferenčíková |
| 520 | |a Analýza kľúčových zmien v štruktúre a správaní bankového sektora na Slovensku za posledných 20 rokov. Ako ilustráciu autorka uvádza prípadovú štúdiu slovenského bankového sektora v čase hospodárskej krízy, keď bolo potrebné prehodnocovať tvorbu hodnoty. | ||
| 610 | 2 | 0 | |a bankovníctvo |
| 610 | 2 | 0 | |a kríza hospodárska |
| 610 | 2 | 0 | |a hodnota pridaná ekonomická |
| 610 | 2 | 0 | |a štúdie prípadové |
| 100 | 1 | |a Ferenčíková, Soňa, 1960- | |